| 000 | 00000nas##2200000za#4500 |
| 001 | 9.504720 |
| 003 | CaOODSP |
| 005 | 20260106135326 |
| 007 | cr ||||||||||| |
| 008 | 150406c2003||||xxc|| m o||||f| |0eng|d |
| 040 | |aCaOODSP|beng |
| 043 | |an-cn--- |
| 086 | 1 |aM91-7E-PDF |
| 110 | 2 |aCANMET Energy Technology Centre (Canada) |
| 245 | 10|a[Technology report] |h[electronic resource] |
| 260 | |aOttawa - Ontario : |bNatural Resources Canada. |
| 310 | |aIrregular |
| 520 | 3 |aThese technical reports present the results of research done for CANMET, the Canada Centre for Mineral and Energy Technology. The research relates to energy technology in several fields, including: advanced combustion technology; community energy systems; renewable energy technology; and the built environment, in the areas of housing, buildings, software, and simulation R&D. |
| 690 | 07|aEnvironmental technology|2gcpds |
| 775 | 08|t[Rapport technologique] |w(CaOODSP)9.501499 |
| 776 | 0#|t[Technology report] |w(CaOODSP)9.509508 |
| 776 | 0#|t[Rapport technologique] |w(CaOODSP)9.509509 |
| 776 | 0#|t[Technology report] |w(CaOODSP)9.514782 |
| 776 | 0#|t[Technology report] |w(CaOODSP)9.514783 |